Library Logo

Basic concepts of nuclear physics (Record no. 13424)

000 -LEADER
fixed length control field 00727cam a22002411 4500
001 - CONTROL NUMBER
control field 4068057
003 - CONTROL NUMBER IDENTIFIER
control field BD-DhUL
005 - DATE AND TIME OF LATEST TRANSACTION
control field 20140928121231.0
008 - FIXED-LENGTH DATA ELEMENTS--GENERAL INFORMATION
fixed length control field 710326s1968 nyua 000 0 eng
010 ## - LIBRARY OF CONGRESS CONTROL NUMBER
LC control number 68055993
040 ## - CATALOGING SOURCE
Original cataloging agency DLC
Transcribing agency DLC
Modifying agency ICU
-- DLC
-- ICU
-- BD-DhUL
050 00 - LIBRARY OF CONGRESS CALL NUMBER
Classification number QC776
Item number .S8
082 00 - DEWEY DECIMAL CLASSIFICATION NUMBER
Classification number 539.7
Item number STB
100 1# - MAIN ENTRY--PERSONAL NAME
Personal name Stearns, Robert L.,
Dates associated with a name 1926-
245 10 - TITLE STATEMENT
Title Basic concepts of nuclear physics
Statement of responsibility, etc. Robert L. Stearns.
260 ## - PUBLICATION, DISTRIBUTION, ETC. (IMPRINT)
Place of publication, distribution, etc. New York :
Name of publisher, distributor, etc. Reinhold Book Corp.,
Date of publication, distribution, etc. 1968.
300 ## - PHYSICAL DESCRIPTION
Extent x, 118 p. :
Other physical details ill. ;
Dimensions 19 cm.
440 #0 - SERIES STATEMENT/ADDED ENTRY--TITLE
Title Reinhold physics textbook series
440 #0 - SERIES STATEMENT/ADDED ENTRY--TITLE
Title Basic concepts in physics
650 #0 - SUBJECT ADDED ENTRY--TOPICAL TERM
Topical term or geographic name as entry element Nuclear physics.
906 ## - LOCAL DATA ELEMENT F, LDF (RLIN)
a 7
b cbc
c orignew
d u
e ocip
f 19
g y-gencatlg
942 ## - ADDED ENTRY ELEMENTS (KOHA)
Source of classification or shelving scheme
Koha item type Books
Holdings
Price effective from Date last seen Permanent Location Not for loan Date acquired Source of classification or shelving scheme Koha item type Lost status Withdrawn status Copy number Source of acquisition Collection code Damaged status Shelving location Barcode Current Location Full call number
2014-09-282014-09-28Dhaka University Science Library 1983-03-15 Books  3GiftNon Fiction General StacksA209426Dhaka University Science Library539.7 STB
2014-09-282014-09-28Dhaka University Science Library 1983-03-15 Books  1GiftNon Fiction General StacksA209424Dhaka University Science Library539.7 STB
2014-09-282014-09-28Dhaka University Science Library 1983-03-15 Books  5GiftNon Fiction General StacksA209428Dhaka University Science Library539.7 STB
2014-09-282014-09-28Dhaka University Science Library 1983-03-15 Books  4GiftNon Fiction General StacksA209427Dhaka University Science Library539.7 STB
2014-09-282014-09-28Dhaka University Science Library 1983-03-15 Books  2GiftNon Fiction General StacksA209425Dhaka University Science Library539.7 STB
Last Updated on September 15, 2019
© Dhaka University Library. All Rights Reserved|Staff Login